Score 0/14 Timer 05:00
5 Plays Today
% Correct
This was painted by a 4 year old
82%
This was painted by a flying fox bat
76.7%
This was painted by a 2 year old
76.4%
This was painted by a 4 year old
65.7%
This was painted by a chimp
64.6%
This was painted by a gorilla
64%
This was painted by a goat
58%
% Correct
This was painted by a chimp
53.8%
This was painted by a 4 year old
51.1%
This was painted by a sun bear
50.2%
This was painted by a 2 year old
47.8%
This was painted by a 3 year old
47.2%
This was painted by insects
42.1%
This was painted by a 2 year old
36.8%

You're not logged in!

Compare scores with friends on all Sporcle quizzes.
OR
Log In

Sporcle TV

Today on Sporcle TV


Watch our educational content, quiz creation guides, and fun videos on Sporcle TV.

Show Comments

Extras

Top Quizzes Today


Score Distribution

Your Account Isn't Verified!

In order to create a playlist on Sporcle, you need to verify the email address you used during registration. Go to your Sporcle Settings to finish the process.

Report this User

Report this user for behavior that violates our Community Guidelines.

Details: